| 000 | 00569nam a2200229Ia 4500 | ||
|---|---|---|---|
| 003 | OSt | ||
| 005 | 20220923221716.0 | ||
| 006 | a|||||r|||| 00| 0 | ||
| 007 | ta | ||
| 008 | 220922b |||||||| |||| 00| 0 hin d | ||
| 024 | _a199,527 | ||
| 037 | _cTextual | ||
| 040 |
_aARTS _cARTS _bhin |
||
| 041 |
_2hin _ahin |
||
| 082 | _aQ2, 152F9 | ||
| 100 |
_aभगवानदास _9156277 |
||
| 245 | 0 | _aसमन्वय | |
| 246 | _aSahinvaya | ||
| 260 | _c1970 | ||
| 942 |
_hQ2, 152F9 _cTEXL _2CC |
||
| 999 |
_c351267 _d351267 |
||